000 00482cam a2200181ua 4500
001 823
008 110420n ii |||gr||||Z||||||eng
040 _cMAIN
082 _a320.3
245 1 _aComparative government and politics
_cby S.R. Maheshwari
250 _a2nd.
260 _aAgra:
_bLakshmi narain agarwal,985.
300 _a223p.:
_c8cm.
653 _aPolitical science
653 _aComparative government and politics
700 _aMaheshwari, S.R.,
_eAuthor.
942 _cBK
999 _c747
_d747